LEADER 00832nam0-22003131i-450- 001 990000030000403321 005 20070419100110.0 035 $a000003000 035 $aFED01000003000 035 $a(Aleph)000003000FED01 035 $a000003000 100 $a20020821d--------km-y0itay50------ba 101 0 $aita 105 $ay-------001yy 200 1 $aArchitettura tecnica$fRenato Fabbrichesi. 210 $aPadova$cR. Zannoni$d1946 215 $a430 p.$cill.$d25 cm 610 0 $aArchitettura tecnica 676 $a720.28 700 1$aFabbrichesi,$bRenato 801 0$aIT$bUNINA$gRICA$2UNIMARC 901 $aBK 912 $a990000030000403321 952 $a13 D 53 30$b18576$fFINBC 952 $a08 AA 511$b0723 C.E.$fDINED 952 $a08 AA 512$b2565 A.T.$fDINED 959 $aFINBC 959 $aDINED 997 $aUNINA LEADER 01703oam 2200517I 450 001 9910714067703321 005 20201109085130.0 035 $a(CKB)5470000002506968 035 $a(OCoLC)890694704 035 $a(EXLCZ)995470000002506968 100 $a20140916j196810 ua 0 101 0 $aeng 135 $aur||||||||||| 181 $ctxt$2rdacontent 182 $cc$2rdamedia 183 $acr$2rdacarrier 200 10$aHigh-power kinetics of a two-dimensional circulating-liquid-metal-fuel reactor /$fby Michael J. Kolar 210 1$aWashington, D.C. :$cNational Aeronautics and Space Administration,$dOctober 1968. 215 $a1 online resource (ii, 51 pages) $cillustrations 225 1 $aNASA technical note ;$vD-4840 300 $a"October 1968." 320 $aIncludes bibliographical references (pages 50-51). 517 3 $aHigh-power kinetics of a 2-D circulating-liquid-metal-fuel reactor 606 $aLiquid metals 606 $aNuclear reactors 606 $aDynamics 606 $aDynamics$2fast 606 $aLiquid metals$2fast 606 $aNuclear reactors$2fast 615 0$aLiquid metals. 615 0$aNuclear reactors. 615 0$aDynamics. 615 7$aDynamics. 615 7$aLiquid metals. 615 7$aNuclear reactors. 700 $aKolar$b Michael J.$01408881 712 02$aUnited States.$bNational Aeronautics and Space Administration, 712 02$aLewis Research Center. 801 0$bOCLCE 801 1$bOCLCE 801 2$bOCLCQ 801 2$bGPO 906 $aBOOK 912 $a9910714067703321 996 $aHigh-power kinetics of a two-dimensional circulating-liquid-metal-fuel reactor$93493950 997 $aUNINA